[Event "2nd Jerry Hanken Memorial"]
[Site "Stillwater USA"]
[Date "2011.02.20"]
[Round "4.3"]
[White "Roring,Tres"]
[Black "Galant,S"]
[Result "0-1"]
[WhiteElo "1972"]
[BlackElo "2161"]

1.d4 d5 2.c4 e6 3.Nc3 c6 4.Nf3 Nf6 5.e3 Nbd7 6.Qc2 a6 7.b3 b5 8.Bd3 bxc4
9.bxc4 dxc4 10.Bxc4 Bb7 11.Rb1 Qc7 12.O-O c5 13.Be2 cxd4 14.Nxd4 Bd6 15.Rxb7 Qxb7
16.Bf3 Qc8 17.Bxa8 Qxa8 18.Rd1 O-O 19.Nxe6 Bxh2+ 20.Kxh2 fxe6 21.Kg1 Qc6
22.Qb3 Rb8 23.Qa3 Nc5 24.Qa5 Qb6 25.Qxb6 Rxb6 26.f3 Rc6 27.Ba3 Ncd7 28.Rc1 Rc4
29.Kf2 Kf7 30.e4 Nb6 31.Ke3 Nfd7 32.Kd2 Rc6 33.Kd3 Nc4 34.Nb1 Nxa3 35.Rxc6 Ne5+
36.Ke3 Nxc6 37.Nxa3 Nb4 38.Kd4 Nxa2 39.Kc4 Nc1 40.Nc2 Ne2 41.Kc5 Nf4 42.Ne3 h5
43.g3 Ne2 44.Nf1 a5 45.Kb5 Nd4+ 46.Kxa5 Nxf3 47.Kb6 Kf6 48.Kc6 Ke5 49.Kd7 g5
50.Ke7 h4 51.gxh4 gxh4 52.Kf7 h3 53.Kg6 Kxe4 54.Kf6 e5 55.Ng3+ Kf4 56.Nh5+ Kg4
57.Kg6 h2 58.Nf6+ Kh3 59.Ne4 Kg2  0-1

[Event "3rd Batavia-Grolsch"]
[Site "Amsterdam NED"]
[Date "2011.02.22"]
[Round "5"]
[White "Murshed,N"]
[Black "Kleijn,C"]
[Result "1-0"]
[WhiteElo "2436"]
[BlackElo "2428"]

1.d4 d5 2.c4 c6 3.Nc3 Nf6 4.e3 e6 5.Nf3 Nbd7 6.Qc2 Bd6 7.Bd3 O-O 8.O-O dxc4
9.Bxc4 b5 10.Be2 Bb7 11.Rd1 Qc7 12.e4 e5 13.Bg5 Rfe8 14.dxe5 Nxe5 15.Bxf6 Nxf3+
16.Bxf3 gxf6 17.g3 Be5 18.Bg4 Rad8 19.Qe2 Bc8 20.Rxd8 Rxd8 21.Rc1 Bxg4 22.Qxg4+ Kh8
23.Rd1 Bd4 24.Kg2 b4 25.Nd5 cxd5 26.Rxd4 dxe4 27.Qf4 Qb6 28.Rxb4 Qxb4 29.Qxf6+ Kg8
30.Qxd8+ Kg7 31.Qg5+ Kf8 32.Qe5 Kg8 33.h4 h6 34.Qc3 Qb7 35.Kg1 Qd5 36.b3 Qd1+
37.Kg2 Qd5 38.Qc8+ Kh7 39.Qc4 Qf5 40.b4 Qf3+ 41.Kg1 Kg8 42.Qc1 Qf6 43.a3 Kg7
44.Qe3 a6 45.Kg2 Qc6 46.Qd4+ Kg8 47.Qc5 Qa4 48.Qc8+ Kg7 49.Qg4+ Kf8 50.Qxe4 Qxa3
51.Qe3 Qxb4 52.Qxh6+ Kg8 53.Qxa6 Qe4+ 54.Kh2 Qc2 55.Qf6 Qe2 56.Kg2 Qd3 57.Qe5 Qc2
58.Qd5 Qc1  1-0

[Event "6th Women GP"]
[Site "Doha QAT"]
[Date "2011.02.22"]
[Round "1"]
[White "Koneru,H"]
[Black "Dzagnidze,N"]
[Result "0-1"]
[WhiteElo "2607"]
[BlackElo "2550"]

1.Nf3 Nf6 2.c4 e6 3.Nc3 d5 4.d4 c6 5.e3 Nbd7 6.Qc2 b6 7.Bd3 Bb7 8.O-O Be7
9.b3 O-O 10.Bb2 h6 11.Rad1 Qc7 12.Qe2 Rad8 13.Ne5 dxc4 14.bxc4 Nxe5 15.dxe5 Nd7
16.f4 Nc5 17.Bb1 Rxd1 18.Nxd1 Rd8 19.Nf2 Nd7 20.Ne4 c5 21.Ng3 Nf8 22.Bc3 a6
23.Nh5 g6 24.Nf6+ Bxf6 25.exf6 Qc6 26.e4 b5 27.Rf3 bxc4 28.Bc2 Rd4 29.Qe3 Qd6
30.f5 g5 31.h4 exf5 32.hxg5 Bxe4 33.gxh6 Bxc2 34.Qg5+ Ng6 35.h7+ Kh8 36.Bxd4 Qxd4+
37.Rf2 Be4 38.Qh6 Qxf6 39.Qe3 Qa1+ 40.Kh2 Qd4 41.Qxd4+  0-1

[Event "61st ch-RUS w 1st League"]
[Site "Ivanovo RUS"]
[Date "2011.02.22"]
[Round "2"]
[White "Goryachkina,A"]
[Black "Petrukhina,I"]
[Result "1-0"]
[WhiteElo "2045"]
[BlackElo "2190"]

1.d4 d5 2.c4 c6 3.Nc3 Nf6 4.e3 e6 5.Nf3 Nbd7 6.Qc2 Bd6 7.b3 O-O 8.Bb2 e5
9.Be2 e4 10.Nd2 b6 11.cxd5 cxd5 12.g4 Bb7 13.g5 Ne8 14.h4 Rc8 15.f4 exf3
16.Bd3 Bg3+ 17.Kf1 f5 18.Rh3 Bxh4 19.Rxh4 Qxg5 20.Nxf3 Qxe3 21.Rh3 Nd6 22.Re1 Qf4
23.Re7 Rf7 24.Rxf7 Kxf7 25.Bc1 Qg4 26.Ng5+ Kg8 27.Rxh7 Qxd4 28.Rh8+ Kxh8
29.Qh2+ Kg8 30.Qh7+ Kf8 31.Ne6+ Kf7 32.Nxd4 Nf6 33.Qh2 Rxc3 34.Qxd6 Rxc1+
35.Ke2 Bc8 36.Nc6 Kg6 37.Qc7 Ra1 38.Qxc8 Rxa2+ 39.Kf3 Ne4 40.Qe6+ Kg5 41.Qe7+ Kh5
42.Bxe4 dxe4+ 43.Ke3 g6 44.Qh7+ Kg5 45.Ne7 Kf6 46.Nxg6 Rc2 47.Nh4 Rc3+ 48.Ke2 Rc5
49.Qxa7 Kg5 50.Qxb6 Rc2+ 51.Kd1 Rh2 52.Qg1+  1-0

[Event "61st ch-RUS w 1st League"]
[Site "Ivanovo RUS"]
[Date "2011.02.24"]
[Round "4"]
[White "Nemkova,L"]
[Black "Trapeznikova,D"]
[Result "0-1"]
[WhiteElo "2155"]
[BlackElo "1991"]

1.d4 d5 2.c4 c6 3.Nf3 Nf6 4.e3 e6 5.Nc3 Nbd7 6.cxd5 exd5 7.Bd3 Bd6 8.O-O O-O
9.h3 Re8 10.Qc2 Qe7 11.Nd2 c5 12.e4 cxd4 13.Nxd5 Nxd5 14.exd5 Qe5 15.Nf3 Qxd5
16.Bxh7+ Kh8 17.Ng5 Nc5 18.Bg6 Be6 19.Bxf7 d3 20.Bxe6 Rxe6 21.Qd1 Re2 22.b4 Ne4
23.Nf7+ Qxf7 24.Qxd3 Rxf2 25.Re1 Rxg2+  0-1

[Event "ch-CHI"]
[Site "Santiago CHI"]
[Date "2011.02.24"]
[Round "8"]
[White "Vargas Maliqueo,I"]
[Black "Salinas Herrera,P"]
[Result "0-1"]
[WhiteElo "2164"]
[BlackElo "2263"]

1.d4 d5 2.c4 c6 3.Nf3 Nf6 4.Nc3 e6 5.e3 Nbd7 6.Qc2 Bd6 7.b3 O-O 8.Be2 Re8
9.O-O Qe7 10.e4 dxe4 11.Nxe4 Nxe4 12.Qxe4 e5 13.Bb2 Nf6 14.Qc2 exd4 15.Nxd4 Qe5
16.g3 Bc5 17.Rad1 Bxd4 18.Rxd4 Qxe2 19.Qxe2 Rxe2 20.Rd8+ Ne8 21.Rfd1 f6 22.Bd4 Re6
23.f4 Kf7 24.f5 Rd6 25.Rxe8 Kxe8 26.Re1+ Kf7 27.Bc5 Rd7 28.g4 b6  0-1

[Event "61st ch-RUS w 1st League"]
[Site "Ivanovo RUS"]
[Date "2011.02.25"]
[Round "5"]
[White "Goryachkina,A"]
[Black "Charochkina,D"]
[Result "0-1"]
[WhiteElo "2045"]
[BlackElo "2314"]

1.d4 d5 2.c4 c6 3.Nc3 Nf6 4.e3 e6 5.Nf3 Nbd7 6.Qc2 Bd6 7.b3 O-O 8.Be2 dxc4
9.bxc4 e5 10.O-O Qe7 11.a4 Re8 12.Qa2 exd4 13.exd4 Bb4 14.Ba3 c5 15.Nb5 Ba5
16.Rfe1 a6 17.Bf1 Qf8 18.Rxe8 Nxe8 19.dxc5 axb5 20.cxb5 Nxc5 21.Ng5 Qe7 22.Qd5 h6
23.Nxf7 Qxf7 24.Qxc5 Be6 25.Bb4 Rc8 26.Qd4 Rd8 27.Qh4 Bb6 28.Be1 Rd4 29.Qg3 Rg4
30.Qd3 Rf4 31.Qd2 Rd4 32.Qc2 Bd5 33.a5 Rg4 34.Ra4 Bd4 35.h3 Bb3  0-1

[Event "Lviv Talents FIDE open"]
[Site "Lviv UKR"]
[Date "2011.02.25"]
[Round "3.10"]
[White "Franchuk,S"]
[Black "Badik,M"]
[Result "1/2-1/2"]
[WhiteElo "2024"]
[BlackElo "1875"]

1.d4 d5 2.c4 e6 3.Nc3 Nf6 4.Nf3 c6 5.e3 Nbd7 6.Bd3 dxc4 7.Bxc4 Bd6 8.O-O O-O
9.e4 e5 10.a4 h6 11.h3 exd4 12.Qxd4 Bc5 13.Qd3 Qc7 14.Ne2 Ne5 15.Nxe5 Qxe5
16.Ng3 Be6 17.Bxe6 fxe6 18.Be3 Rad8 19.Qe2 Bxe3 20.Qxe3 Rd4 21.b3 Rb4 22.Rad1 a5
23.Rd3 b5 24.axb5 Qxb5 25.Rc1 Rb8 26.Rc5 Qb6 27.Rdc3 Rxb3 28.Rxb3 Qxb3 29.Qxb3 Rxb3
30.Rxc6 Kf7 31.Ra6 Rb1+ 32.Kh2 Ra1 33.Ra7+ Kf8 34.e5 Nd5 35.Nh5 Re1 36.f4 g6
37.Nf6 Nxf4  1/2-1/2

[Event "Elitzur Winter IM"]
[Site "Petach Tikva ISR"]
[Date "2011.02.25"]
[Round "3"]
[White "Kaganskiy,G"]
[Black "Sheshkin,M"]
[Result "1-0"]
[WhiteElo "2301"]
[BlackElo "2255"]

1.d4 d5 2.c4 c6 3.Nf3 Nf6 4.Nc3 e6 5.e3 Nbd7 6.Qc2 dxc4 7.Bxc4 b5 8.Bd3 Bb7
9.e4 a6 10.Be3 Rc8 11.e5 Ng4 12.Bg5 Qa5 13.O-O b4 14.Ne4 c5 15.Rfc1 f5 16.exf6 gxf6
17.Bf4 cxd4 18.Qe2 Rxc1+ 19.Rxc1 Qd5 20.h3 h5 21.Ng3 Nc5 22.Bc4 Qc6 23.hxg4 hxg4
24.Ne1 Kd8 25.Qxg4 e5 26.Bd2 Bc8 27.Qg6  1-0

[Event "Schachbundesliga 2010-11"]
[Site "Aue GER"]
[Date "2011.02.26"]
[Round "10"]
[White "Janssen,Ru"]
[Black "Spiess,Gu"]
[Result "1-0"]
[WhiteElo "2498"]
[BlackElo "2429"]

1.c4 e6 2.Nc3 d5 3.d4 c6 4.e3 Nf6 5.Nf3 Nbd7 6.Qc2 Bd6 7.Be2 dxc4 8.Bxc4 a6
9.a4 Qc7 10.O-O c5 11.dxc5 Qxc5 12.b3 Qc7 13.Rd1 O-O 14.Bb2 Rb8 15.Ne4 Be7
16.Neg5 g6 17.Nxe6 Qc6 18.Nxf8 Bxf8  1-0

[Event "27th Open"]
[Site "Cappelle la Grande FRA"]
[Date "2011.02.26"]
[Round "1.25"]
[White "Karavade,E"]
[Black "Zherebukh,Y"]
[Result "1/2-1/2"]
[WhiteElo "2353"]
[BlackElo "2565"]

1.d4 d5 2.c4 c6 3.Nc3 Nf6 4.e3 e6 5.Nf3 Nbd7 6.Qc2 Bd6 7.Bd3 O-O 8.O-O dxc4
9.Bxc4 b5 10.Be2 Bb7 11.Rd1 Qb8 12.e4 e5 13.dxe5 Nxe5 14.g3 c5 15.Bg5 b4
16.Bxf6 gxf6 17.Nd5 Bxd5 18.Rxd5 Nxf3+ 19.Bxf3 Be5 20.Rxc5 Rc8 21.Rd1 Rxc5
22.Qxc5 Qb6 23.Qc4 Rd8 24.Rxd8+ Qxd8 25.Qxb4 Qd3 26.Bh5 Qb1+ 27.Kg2 Qxb2
28.Qc4 Qb7 29.f4 Bd6 30.Kh3 Kg7 31.Bg4 Qb4 32.Qd5 Qc5 33.Bf5 Qxd5 34.exd5 h6
35.Kg4 Kf8 36.Kh5 Kg7 37.Bc2 Bc5 38.h4 Bb4 39.Kg4 Kf8 40.h5 Ke7 41.Kf5 Ba3
42.Bb3 Bb4 43.g4 Bd2 44.Bc4 Bc1 45.Bb3 Bd2 46.Bc4 Bc1  1/2-1/2

[Event "Ariston Tournament"]
[Site "Satu Mare ROU"]
[Date "2011.02.26"]
[Round "4"]
[White "Bonte,An"]
[Black "Posedaru,B"]
[Result "0-1"]
[WhiteElo "2331"]
[BlackElo "2322"]

1.d4 d5 2.c4 e6 3.Nc3 c6 4.e3 Nf6 5.Nf3 Nbd7 6.Bd3 Bd6 7.O-O O-O 8.b3 Qe7
9.Bb2 dxc4 10.bxc4 e5 11.Bf5 Ba3 12.Bxa3 Qxa3 13.Qb3 Qxb3 14.axb3 exd4 15.exd4 Nb6
16.Bxc8 Rfxc8 17.Rfe1 Re8 18.Rxe8+ Nxe8 19.Ne4 Nd7 20.Ne5 Nxe5 21.dxe5 Kf8
22.Nc5 b5 23.Nd7+ Kg8 24.Ra6 bxc4 25.bxc4 Nc7 26.Rxc6 Ne6 27.c5 h6 28.g3 a5
29.Nb6 Ra7 30.Na4 Rc7 31.Rxc7 Nxc7 32.f4 Kf8 33.Kf2 Ke7 34.Ke3 Kd7 35.Kd4 Kc6
36.Kc4 Nd5 37.Kd4 g6 38.Nb2 Nc7 39.Kc4 Ne6 40.Nd3 h5 41.h3 Nc7 42.g4 hxg4
43.hxg4 Ne6 44.f5 gxf5 45.gxf5 Ng7 46.e6 f6 47.Ne5+ fxe5 48.e7 Ne8  0-1

[Event "Schachbundesliga 2010-11"]
[Site "Solingen GER"]
[Date "2011.02.26"]
[Round "10"]
[White "Wojtaszek,R"]
[Black "Smeets,J"]
[Result "1-0"]
[WhiteElo "2711"]
[BlackElo "2669"]

1.d4 d5 2.c4 c6 3.Nc3 Nf6 4.e3 e6 5.Nf3 Nbd7 6.Qc2 Bd6 7.Bd3 O-O 8.O-O dxc4
9.Bxc4 a6 10.Rd1 b5 11.Bd3 Qc7 12.Bd2 c5 13.Ne4 c4 14.Nxd6 Qxd6 15.Be2 Bb7
16.b3 Rfc8 17.Qb2 Rab8 18.Rac1 Ne4 19.Be1 Nb6 20.Ba5 cxb3 21.axb3 b4 22.Rxc8+ Rxc8
23.Rc1 Rxc1+ 24.Qxc1 Nc3 25.Bf1 Nd7 26.Ne1 Nb8 27.Nd3 Qd5 28.Qa1 Qxb3 29.Nc5 Qd5
30.Bxb4 Ne4 31.Nxe4 Qxe4 32.Qa5  1-0

[Event "3rd Batavia-Grolsch"]
[Site "Amsterdam NED"]
[Date "2011.02.27"]
[Round "9"]
[White "Murshed,N"]
[Black "Michiels,B"]
[Result "1/2-1/2"]
[WhiteElo "2436"]
[BlackElo "2489"]

1.d4 d5 2.c4 c6 3.Nc3 Nf6 4.e3 e6 5.Nf3 Nbd7 6.Qc2 Bd6 7.Bd3 O-O 8.O-O h6
9.b3 b6 10.Bb2 Bb7 11.Rad1 Qc7 12.e4 dxe4 13.Nxe4 Nxe4 14.Bxe4 f5 15.Bd3 c5
16.d5 Nf6 17.Rfe1 Rae8 18.Rxe6 Rxe6 19.dxe6 Bxf3 20.gxf3 Bxh2+ 21.Kg2 Be5
22.Bxf5 Bxb2 23.Qxb2 Qf4 24.Qc2 Nh5 25.Bg4 Qg5 26.Qe4 Rf4 27.Qe1 Rxg4+ 28.fxg4 Qxg4+
29.Kf1 Qh3+ 30.Ke2 Nf4+ 31.Kd2 Nxe6 32.Qe3 Qg4 33.Re1 Ng5 34.Kc1 Kh8 35.Qd3 Ne6
36.Kb1 Kg8 37.f3 Qh3 38.Qd7 Qf5+ 39.Re4 Nd4 40.Qxf5 Nxf5 41.Kc1 Kf7 42.Kd2 h5
43.Ke1 Nd4 44.Kf2 Nc2 45.Re2 Nb4 46.Rd2 Ke6 47.Kg3 g5 48.Rh2 Kf6 49.Rxh5 Nxa2
50.Rh1 Nb4 51.Kg4 Nc2 52.Rh6+ Kg7 53.Rd6 Nd4 54.Rd7+ Kf6 55.Rxa7 Nxb3 56.Rb7 Nd2
57.Rxb6+ Ke5 58.Rc6 Kd4 59.Rd6+ Ke3 60.Re6+ Kd4 61.Re2 Nxc4 62.Kxg5 Ne3 63.Rd2+ Ke5
64.f4+ Ke4 65.Re2 c4 66.f5 Kd3 67.Rh2 Nxf5 68.Kxf5 c3 69.Rh3+ Kd2 70.Ke4 c2
71.Rh2+  1/2-1/2

[Event "Brunei IM1 2011"]
[Site "Bandar Seri Begawan BRU"]
[Date "2011.02.27"]
[Round "1"]
[White "Nguyen Van Huy"]
[Black "Yee Soon Wei"]
[Result "1/2-1/2"]
[WhiteElo "2449"]
[BlackElo "2285"]

1.d4 d5 2.Nf3 Nf6 3.c4 c6 4.e3 e6 5.Nc3 Nbd7 6.b3 Bd6 7.Be2 b6 8.O-O O-O
9.Bb2 Bb7 10.Qc2 Qe7 11.Rad1 Rad8 12.Rfe1 Rfe8 13.Bf1 c5 14.cxd5 exd5 15.g3 a6
16.Bg2 Bb8 17.Qb1 Rc8 18.dxc5 bxc5 19.Qa1 Red8 20.Ne2 h6 21.Nf4 Qf8 22.Ne5 Nxe5
23.Bxe5 Bxe5 24.Qxe5 Nd7 25.Qb2 Nb6 26.Rc1 a5 27.Red1  1/2-1/2

[Event "27th Open"]
[Site "Cappelle la Grande FRA"]
[Date "2011.02.27"]
[Round "2.41"]
[White "Georgiev,Vl"]
[Black "Collas,D"]
[Result "1/2-1/2"]
[WhiteElo "2579"]
[BlackElo "2377"]

1.d4 d5 2.c4 e6 3.Nc3 c6 4.e3 Nf6 5.Nf3 Nbd7 6.Qc2 Bd6 7.Bd3 O-O 8.O-O dxc4
9.Bxc4 b5 10.Be2 Bb7 11.Rd1 Qe7 12.Ng5 a6 13.Nce4 c5 14.Nxd6 Qxd6 15.dxc5 Qxc5
16.Qxc5 Nxc5 17.Bd2 Rfc8 18.Rac1 h6 19.Nf3 Nfe4 20.b3 Nxd2 21.Nxd2 Kf8 22.f3 Ke7
23.Kf2 e5 24.a4 bxa4 25.bxa4 Nxa4 26.Nc4 f6 27.Na5 Rxc1 28.Rxc1 Rc8 29.Rb1 Bd5
30.e4 Be6 31.Bxa6 Rc2+ 32.Kf1 Nb2  1/2-1/2

[Event "27th Open"]
[Site "Cappelle la Grande FRA"]
[Date "2011.02.27"]
[Round "2.20"]
[White "Pogorelov,R"]
[Black "Mastrovasilis,A"]
[Result "1/2-1/2"]
[WhiteElo "2427"]
[BlackElo "2547"]

1.Nf3 Nf6 2.c4 e6 3.Nc3 d5 4.d4 c6 5.e3 Nbd7 6.Qc2 b6 7.b3 Bb7 8.Be2 Bd6
9.Bb2 O-O 10.O-O Qe7 11.Rad1 Rad8 12.Rfe1 Rfe8 13.Bf1 h6 14.g3 Bb4 15.Bg2 Ne4
16.Nd2 Nxd2 17.Rxd2 Nf6 18.Red1 Rc8 19.Qc1 c5 20.dxc5 dxc4 21.a3 Bxc3 22.Qxc3 Bxg2
23.Kxg2 Qxc5 24.Qxc4 Qxc4 25.bxc4 Rxc4 26.Bxf6 gxf6 27.Rd7 Ra4 28.R1d4 Rxd4
29.exd4 a5 30.d5 exd5 31.Rxd5 Re5 32.Rd6 Re6 33.Rd8+ Kg7 34.Rb8 Rc6 35.Kh3 Kg6
36.Kh4 Rc2 37.Rxb6 Rxf2 38.Rb5 Rxh2+ 39.Kg4 h5+ 40.Kf3 h4 41.Rxa5 Rh3 42.Kg4 Rxg3+
43.Kxh4 Rg1 44.Rb5 f5 45.Rb4 Ra1 46.Rb6+ f6 47.Rb3 Rh1+ 48.Kg3 Kg5 49.Rb8 f4+
50.Kg2 Ra1 51.Ra8 Kg4 52.Rg8+ Kf5 53.Ra8 Ke4 54.Re8+  1/2-1/2

[Event "TCh-BEL 2010-11"]
[Site "Fontaine-l'Eveque BEL"]
[Date "2011.02.27"]
[Round "9.8"]
[White "Moens,Bernard"]
[Black "Russo,Jul"]
[Result "0-1"]
[WhiteElo "1757"]
[BlackElo "2091"]

1.d4 d5 2.Nf3 Nf6 3.c4 c6 4.Nc3 e6 5.e3 Nbd7 6.Bd3 dxc4 7.Bxc4 b5 8.Bd3 Bb7
9.e4 a6 10.a3 c5 11.Be3 b4 12.axb4 cxb4 13.e5 bxc3 14.exf6 cxb2 15.fxg7 Bb4+
16.Bd2 Bxd2+ 17.Nxd2 Rg8 18.Rb1 Rxg7 19.Ne4 Bxe4 20.Bxe4 Rb8 21.O-O Kf8 22.Qc2 Qb6
23.Bxh7 f5 24.Bxf5 exf5 25.Qxf5+ Rf7 26.Qd3 a5 27.Rfd1 Nf6 28.h3 Qd6 29.Rd2 Rc7
30.g3 Rc1+ 31.Kh2 Rxb1 32.Qxb1 Qb4 33.Re2 a4 34.Qf5 b1=Q 35.Qxf6+ Kg8 36.Qg5+ Kf7
37.Qf4+ Kg7 38.Qg5+ Qg6 39.Re7+ Qxe7 40.Qxe7+  0-1

[Event "27th Open"]
[Site "Cappelle la Grande FRA"]
[Date "2011.02.28"]
[Round "3"]
[White "Harikrishna,P"]
[Black "Kharitonov,Alexandr"]
[Result "1/2-1/2"]
[WhiteElo "2667"]
[BlackElo "2552"]

1.c4 c6 2.d4 d5 3.Nc3 Nf6 4.e3 e6 5.Nf3 Nbd7 6.Qc2 Bd6 7.Be2 O-O 8.O-O Qe7
9.b3 b6 10.e4 Nxe4 11.Nxe4 dxe4 12.Qxe4 Bb7 13.Bg5 Nf6 14.Qc2 c5 15.Rad1 h6
16.Bh4 Rad8 17.dxc5 Bxc5 18.Ne5 g5 19.Bg3 Rxd1 20.Rxd1 Rd8 21.Rxd8+ Qxd8
22.Qd3 Qd4 23.Qxd4 Bxd4 24.Nf3 Bxf3 25.Bxf3 e5 26.Kf1 Kg7 27.h3 Kg6 28.Bd1 Ne4
29.Bc2 f5 30.Bxe4 fxe4 31.Bh2 h5 32.g4 h4 33.Ke2 Kf6 34.f3 a5 35.fxe4 Ke6
36.a3 Kd6 37.b4 a4 38.Kd3 Kc6 39.Kc2 Kd6 40.Kd2 Kd7 41.Kd3 Kc6 42.Kc2 Kd7
43.Kd1 Kc6 44.Kd2 Kd7 45.Kd3 Kc6 46.c5 b5 47.Kc2 Kd7 48.Kb1 Kc7 49.Kc1 Kd7
50.Kc2  1/2-1/2

[Event "27th Open"]
[Site "Cappelle la Grande FRA"]
[Date "2011.02.28"]
[Round "3.49"]
[White "Gajewski,G"]
[Black "Grandadam,N"]
[Result "1-0"]
[WhiteElo "2569"]
[BlackElo "2286"]

1.d4 d5 2.c4 e6 3.Nc3 c6 4.e3 Nf6 5.Nf3 Nbd7 6.Qc2 b6 7.Bd2 Bb7 8.cxd5 cxd5
9.Bd3 a6 10.Ne5 Nxe5 11.dxe5 Nd7 12.f4 Nc5 13.Ne2 d4 14.exd4 Bxg2 15.Rg1 Qh4+
16.Ng3 Qxh2 17.O-O-O Nxd3+ 18.Qxd3 Bd5 19.Kb1 g6 20.Ne4 Be7 21.Nf6+ Bxf6
22.exf6 O-O 23.Ka1 Qh4 24.Rg5 Kh8 25.Rdg1 h6 26.R5g4 Qxf6 27.Qh3 h5 28.Rg5 Be4
29.Qh4 Kg7 30.Qe1 Bf3 31.d5 exd5 32.Qe3  1-0

[Event "27th Open"]
[Site "Cappelle la Grande FRA"]
[Date "2011.02.28"]
[Round "4.38"]
[White "Nguyen Chi Minh"]
[Black "Szabo,Krisz1"]
[Result "0-1"]
[WhiteElo "2389"]
[BlackElo "2517"]

1.d4 d5 2.c4 e6 3.Nc3 c6 4.Nf3 Nf6 5.e3 Nbd7 6.Qc2 Bd6 7.g4 h6 8.Rg1 e5 9.cxd5 cxd5
10.Bd2 e4 11.Nb5 Bb8 12.Nh4 a6 13.Nf5 O-O 14.Nbd6 Bxd6 15.Nxd6 Qb6 16.Nf5 Re8
17.Rc1 Nf8 18.Qc7 Qxb2 19.Nd6 Bd7 20.Nxe8 Rxe8 21.Qc3 Qxc3 22.Rxc3 Nxg4 23.Rh1 Ne6
24.Be2 f5 25.Rb3 Bc6 26.Ba5 Ng5 27.h3 Nf6 28.Kf1 f4 29.exf4 Ne6 30.Rg1 Nxf4
31.Bc7 Ne6 32.Be5 Kf7 33.Rbg3 g5 34.f4 Nxf4 35.h4 Ne6 36.Ke1 Ke7 37.hxg5 hxg5
38.Rh3 Nd7 39.Rh7+ Kd8 40.Bd6 Nxd4 41.Rxg5 Nxe2 42.Kxe2 d4 43.Rhg7 Bb5+ 44.Ke1 Bc4
45.Bc5 d3 46.Be3 Bxa2 47.Rh5 Be6 48.Rh4 Bd5 49.Rh5 Bc6 50.Rhh7 Kc8 51.Kd2 Nf6
52.Rh6 Nd5 53.Rhg6 Nxe3 54.Kxe3 Rd8 55.Rg8 Rxg8 56.Rxg8+ Kc7 57.Rg2 a5 58.Kd4 b5  0-1

[Event "Elitzur Winter GM"]
[Site "Petach Tikva ISR"]
[Date "2011.03.01"]
[Round "4"]
[White "Zilberman,Y"]
[Black "Gerzhoy,L"]
[Result "1/2-1/2"]
[WhiteElo "2463"]
[BlackElo "2497"]

1.d4 d5 2.c4 c6 3.Nc3 Nf6 4.e3 e6 5.Nf3 Nbd7 6.Bd3 dxc4 7.Bxc4 b5 8.Be2 Bb7
9.O-O a6 10.a3 c5 11.dxc5 Bxc5 12.b4 Be7 13.Bb2 O-O 14.Nd4 Nb6 15.Nb3 Rc8
16.Na5 Ba8 17.Rc1 Nfd5 18.Nxd5 Qxd5 19.Qxd5 Bxd5 20.f3 Na4 21.Bd4 f5 22.Kf2 Kf7
23.Bd3 Bf6 24.Bxf6 Kxf6 25.e4 Nb2 26.Ke3 Nxd3 27.Kxd3 Ba8 28.exf5 exf5 29.Rfd1 g5
30.Nb3 g4 31.fxg4 Bxg2 32.gxf5  1/2-1/2

[Event "Brunei IM1 2011"]
[Site "Bandar Seri Begawan BRU"]
[Date "2011.03.02"]
[Round "7"]
[White "Khamrakulov,D"]
[Black "Hj,Sulaiman Hj Md Baharuddin"]
[Result "1-0"]
[WhiteElo "2479"]
[BlackElo "2223"]

1.d4 d5 2.c4 c6 3.Nc3 Nf6 4.Nf3 e6 5.e3 Nbd7 6.Bd3 Bd6 7.O-O O-O 8.e4 dxe4
9.Nxe4 Nxe4 10.Bxe4 h6 11.Bc2 Re8 12.Re1 Nf8 13.Be3 f5 14.Ne5 Qf6 15.f4 Bd7
16.Qh5 Re7 17.Nf3 Be8 18.Qh3 Ng6 19.g3 Bf7 20.Re2 Ree8 21.a3 Rad8 22.Rae1 Bb8
23.b4 b5 24.Bd3 bxc4 25.Bxc4 Ne7 26.Ne5 Bxe5 27.dxe5 Qg6 28.Qg2 Nd5 29.Bxa7  1-0

[Event "27th Open"]
[Site "Cappelle la Grande FRA"]
[Date "2011.03.02"]
[Round "6.95"]
[White "Vera Gonzalez Quevedo,R"]
[Black "Vul,A"]
[Result "1-0"]
[WhiteElo "2518"]
[BlackElo "2301"]

1.d4 d5 2.c4 e6 3.Nf3 Nf6 4.Nc3 c6 5.e3 Nbd7 6.b3 Bd6 7.Bb2 O-O 8.Bd3 dxc4
9.bxc4 e5 10.O-O Re8 11.Qc2 Qe7 12.Ne4 Nxe4 13.Bxe4 g6 14.Qb3 Bc7 15.Ba3 Qf6
16.Rfe1 Qg7 17.h3 Qh6 18.d5 c5 19.d6 Bxd6 20.Red1 Bc7 21.Rxd7 Bxd7 22.Qxb7 Rac8
23.Bxc5 Bf5 24.Bc6 e4 25.Nd2 Bxh3 26.Bxe8 Bxg2 27.Bxf7+ Kxf7 28.Qd5+ Kf6
29.Nxe4+ Bxe4 30.Bd4+ Ke7 31.Qxe4+ Kf7 32.Qd5+ Ke7 33.Bc5+ Kf6 34.Qc6+ Kf5
35.Qd7+ Kf6 36.Be7+ Ke5 37.Qd5+  1-0

[Event "27th Open"]
[Site "Cappelle la Grande FRA"]
[Date "2011.03.03"]
[Round "7.9"]
[White "Gajewski,G"]
[Black "Szabo,Krisz1"]
[Result "1-0"]
[WhiteElo "2569"]
[BlackElo "2517"]

1.d4 d5 2.c4 c6 3.Nf3 Nf6 4.Nc3 e6 5.e3 Nbd7 6.Qc2 Bd6 7.Bd3 O-O 8.O-O dxc4
9.Bxc4 b5 10.Bd3 Bb7 11.a3 Qe7 12.Ng5 h6 13.Nge4 Nxe4 14.Nxe4 c5 15.Bxb5 Bxh2+
16.Kxh2 Qh4+ 17.Kg1 Bxe4 18.Qe2 Rfd8 19.f3 Bg6 20.Rd1 Rab8 21.a4 Qh5 22.e4 cxd4
23.Rxd4 Nc5 24.Rxd8+ Rxd8 25.Be3 Qe5 26.Rd1 Rb8 27.Qd2 Rc8 28.Rc1 Kh7 29.Qc3  1-0

[Event "27th Open"]
[Site "Cappelle la Grande FRA"]
[Date "2011.03.03"]
[Round "7.55"]
[White "Limontaite,S"]
[Black "Georgiev,Vl"]
[Result "0-1"]
[WhiteElo "2198"]
[BlackElo "2579"]

1.d4 Nf6 2.c4 e6 3.Nf3 d5 4.Nc3 c6 5.e3 a6 6.Qc2 c5 7.cxd5 exd5 8.dxc5 Bxc5
9.Be2 O-O 10.O-O Qe7 11.Rd1 Be6 12.Nd4 Nc6 13.a3 Rac8 14.Nxc6 Rxc6 15.Bf3 Bd6
16.h3 Bb8 17.Qd3 Qc7 18.g3 Bxh3 19.Nxd5 Nxd5 20.Qxd5 Be6 21.Qh5 Bb3 22.Bxc6 Bxd1
23.Qxd1 Qxc6 24.b3 Qg6 25.Ra2 h5 26.Rd2 Be5 27.a4 Bf6 28.Qc2 Qg4 29.Ba3 Rc8
30.Qd1 Qh3 31.Qf1 Qe6 32.Bb2 Bxb2 33.Rxb2 h4 34.Kh2 hxg3+ 35.fxg3 Qxe3 36.Qf5 Rc1
37.Rf2 Qh6+  0-1

[Event "27th Open"]
[Site "Cappelle la Grande FRA"]
[Date "2011.03.03"]
[Round "7.19"]
[White "Sasikiran,K"]
[Black "Kuipers,S"]
[Result "1-0"]
[WhiteElo "2690"]
[BlackElo "2381"]

1.d4 d5 2.Nf3 Nf6 3.c4 c6 4.Nc3 e6 5.e3 Nbd7 6.Qc2 Bd6 7.Bd3 O-O 8.O-O dxc4
9.Bxc4 a6 10.Rd1 b5 11.Bf1 c5 12.a4 b4 13.Ne4 Nxe4 14.Qxe4 Rb8 15.Qd3 Qc7
16.e4 cxd4 17.Qxd4 Bc5 18.Qd3 Ne5 19.Nxe5 Qxe5 20.Qf3 Ra8 21.Qf4 Qxf4 22.Bxf4 Bb7
23.Rac1 Rfc8 24.Rc4 Bf8 25.f3 a5 26.Kf2 h6 27.b3 Rxc4 28.Bxc4 Bc5+ 29.Ke2 Bc6
30.Bc7 Ra7 31.Rd8+ Kh7 32.Bg3 Bd7 33.Bf4 Kg6 34.e5 Bb6 35.Rf8 f5 36.Be3 Bxe3
37.Kxe3 Rb7 38.Kd4 Bxa4 39.bxa4 b3 40.Bxe6 b2 41.Bxf5+  1-0

[Event "II Controceni Women"]
[Site "Bucharest ROU"]
[Date "2011.03.04"]
[Round "3"]
[White "Ushenina,A"]
[Black "Cosma,E"]
[Result "1-0"]
[WhiteElo "2454"]
[BlackElo "2343"]

1.d4 d5 2.c4 e6 3.Nc3 Nf6 4.Nf3 c6 5.e3 Nbd7 6.Bd3 dxc4 7.Bxc4 b5 8.Bd3 Bd6
9.a3 O-O 10.O-O a5 11.Ne2 Bb7 12.Ng3 e5 13.Nf5 Bc7 14.dxe5 Nxe5 15.Nxe5 Bxe5
16.f4 Bc7 17.b3 Bc8 18.Nd4 Bb6 19.Nxc6 Qc7 20.Ne5 Bb7 21.Kh1 Rad8 22.Qe1 Be4
23.Bxb5 Qc2 24.Qe2 Qxb3 25.a4 Bc5 26.Qc4 Qxc4 27.Bxc4 Nd7 28.Nd3 Bd6 29.Nf2 Ba8
30.Bd2 Nb6 31.Bb5 Bxf4 32.Nd3 Bc7 33.Bxa5 Nd5 34.Bd2 Bb6 35.Rfe1 Nc7 36.Bb4 Nxb5
37.Bxf8 Rxd3 38.axb5 Bb7 39.Bb4 h6 40.Rad1 Rb3 41.Rb1 Rd3 42.Red1 Rxe3 43.Rd6 Re6
44.Re1 Rxd6 45.Re8+ Kh7 46.Bxd6 Bd5 47.Bc5 Bxc5 48.Re5 Bxg2+ 49.Kxg2 Bb6
50.Rd5 f5 51.Rxf5 Kg6 52.Rf8 Bd4 53.Rd8 Bf6 54.Rd6  1-0

[Event "TCh-CAT Div Hon"]
[Site "Barcelona ESP"]
[Date "2011.03.05"]
[Round "6"]
[White "Raineri de Luca,P"]
[Black "Alonso Rosell,A"]
[Result "0-1"]
[WhiteElo "2267"]
[BlackElo "2477"]

1.d4 d5 2.c4 c6 3.Nf3 Nf6 4.Nc3 e6 5.e3 Nbd7 6.Qc2 Bd6 7.Be2 O-O 8.O-O dxc4
9.Bxc4 a6 10.Rd1 b5 11.Be2 Qc7 12.h3 c5 13.dxc5 Bxc5 14.Ng5 h6 15.Nge4 Be7
16.Nxf6+ Nxf6 17.Bf3 Bb7 18.Qe2 Rfd8 19.Bd2 Rac8 20.Rac1 Qb6 21.Be1 Nd7 22.Bxb7 Qxb7
23.Qh5 Nc5 24.Ne2 Nd3 25.Rxc8 Qxc8 26.Bc3 Rd5 27.Qg4 Ne5 28.Bxe5 Rxd1+ 29.Kh2 Qf8
30.Nf4 Rd8 31.Bd4 Bd6 32.Bb6 Rb8 33.Ba5 b4 34.a4 bxa3 35.bxa3 Bxa3 36.Bc3 Bb2  0-1

[Event "ch-NCA 2011"]
[Site "Managua NCA"]
[Date "2011.03.05"]
[Round "1.4"]
[White "Lacayo,R"]
[Black "Fonseca Cabrera,E"]
[Result "1-0"]
[WhiteElo "2250"]
[BlackElo "2091"]

1.d4 d5 2.c4 c6 3.Nc3 Nf6 4.e3 e6 5.Nf3 Nbd7 6.Bd3 dxc4 7.Bxc4 b5 8.Bd3 Bb7
9.e4 b4 10.Na4 c5 11.e5 Nd5 12.O-O cxd4 13.Re1 Qb8 14.Ng5 Be7 15.Bb5 Qd8
16.Nf3 a6 17.Bd3 O-O 18.Nxd4 Re8 19.Bd2 N5b6 20.Nxb6 Nxb6 21.Bf4 g6 22.Nf3 Qd5
23.Qe2 Red8 24.Red1 Qa5 25.Ng5 Rd4 26.Be3 Rd5 27.Nf3 Rad8 28.Bf4 R5d7 29.Bc2 Rxd1+
30.Bxd1 Bc6 31.Bb3 Bb5 32.Qe4 Ba4 33.Rc1 Bxb3 34.axb3 Nd5 35.Bh6 Bf8 36.Bxf8 Rxf8
37.h4 h5 38.Ng5 Kg7 39.Rc6 Qa1+ 40.Kh2 Re8 41.Qf3 Re7 42.Rc5 Rd7 43.Rxd5 exd5
44.Qf6+ Kg8 45.e6  1-0